Objective life science: (Record no. 152897)

MARC details
000 -LEADER
fixed length control field 00571nam a22001937a 4500
005 - DATE AND TIME OF LATEST TRANSACTION
control field 20180626105613.0
010 ## - LCCN (DPL NO)
LC control number ENG-123280
020 ## - INTERNATIONAL STANDARD BOOK NUMBER
Terms of availability 395.00
International Standard Book Number 9789352533671
035 ## - SYSTEM CONTROL NUMBER
System control number EN-106812
037 ## - SOURCE OF ACQUISITION
Source of stock number/acquisition DBAD/PUB
082 ## - DEWEY DECIMAL CLASSIFICATION NUMBER
Classification number 570
100 ## - MAIN ENTRY--PERSONAL NAME
Personal name Prasann Kumar
245 ## - TITLE STATEMENT
Title Objective life science:
Statement of responsibility, etc by Prasann Kumar [and] Padmanabh Dwivedi
Remainder of title plant science/
260 ## - PUBLICATION, DISTRIBUTION, ETC. (IMPRINT)
Place of publication, distribution, etc New Delhi
Name of publisher, distributor, etc S Chand Publishing
Date of publication, distribution, etc 2017
270 ## - ADDRESS
Address Ram Nagar.
City New Delhi
Postal code 110055
300 ## - PHYSICAL DESCRIPTION
Extent 578p.
Dimensions 26cm(pbk)
700 ## - ADDED ENTRY--PERSONAL NAME
Personal name Dwivedi, Padmanabh
942 ## - ADDED ENTRY ELEMENTS (KOHA)
Source of classification or shelving scheme Dewey Decimal Classification
Item type English Books
Call number suffix PRA
Classification part 570
Holdings
Withdrawn status Lost status Not for loan Collection code Home library Current library Date acquired Source of acquisition Cost, normal purchase price Full call number Barcode Copy number Cost, replacement price Koha item type
    Not For Loan Non-fiction D.B.Act.Division Central Library 21/06/2018 DBAD/PUB 395.00 570 PRA EN-106812 1 395.00 English Books

© Delhi Public Library
Hit Counter
free hit counter